| 000 -LEADER | |
|---|---|
| fixed length control field | 00463nam a22001817a 4500 |
| 005 - DATE AND TIME OF LATEST TRANSACTION | |
| control field | 20230117115447.0 |
| 008 - FIXED-LENGTH DATA ELEMENTS--GENERAL INFORMATION | |
| fixed length control field | 210306b ||||| |||| 00| 0 eng d |
| 020 ## - INTERNATIONAL STANDARD BOOK NUMBER | |
| ISBN | 978-0-7020-29-34-9 |
| 041 ## - LANGUAGE CODE | |
| Language code of text/sound track or separate title | eng |
| 082 ## - DEWEY DECIMAL CLASSIFICATION NUMBER | |
| Classification number | 615.3 |
| Item number | EVA-T |
| 100 ## - MAIN ENTRY--AUTHOR NAME | |
| Personal name | EVANS, WILLIAM CHARLES |
| 245 ## - TITLE STATEMENT | |
| Title | TREASE AND EVANS PHARMACOGNOSY |
| 250 ## - EDITION STATEMENT | |
| Edition statement | 16TH, ED. |
| 260 ## - PUBLICATION, DISTRIBUTION, ETC. (IMPRINT) | |
| Place of publication | EDINBEURGH |
| Name of publisher | ELSEVIER |
| Year of publication | 2009 |
| 300 ## - PHYSICAL DESCRIPTION | |
| Number of Pages | 603,p |
| 650 ## - SUBJECT ADDED ENTRY--TOPICAL TERM | |
| Topical Term | PHARMACY |
| General subdivision | B.PHARMA |
| 942 ## - ADDED ENTRY ELEMENTS (KOHA) | |
| Koha item type | Books |
| Lost status | Damaged status | Collection code | Home library | Current library | Shelving location | Date acquired | Source of acquisition | Cost, normal purchase price | Full call number | Accession Number | Koha item type |
|---|---|---|---|---|---|---|---|---|---|---|---|
| Reference | JRU Library | JRU Library | SHELF-4-E | 06/03/2021 | PURCHES | 24.99 | 615.3 | 25747 | Books | ||
| PHARMACY | JRU Library | JRU Library | Shelf - 25- A | 26/02/2022 | PURCHASE | 2614.00 | 615.3 | 26750 | Books | ||
| PHARMACY | JRU Library | JRU Library | Shelf - 25- A | 26/02/2022 | PURCHASE | 2614.00 | 615.3 | 26751 | Books |